Normal view
MARC view
Entry Personal Name
001 - CONTROL NUMBER
- control field: 251824
003 - CONTROL NUMBER IDENTIFIER
- control field: OSt
005 - DATE AND TIME OF LATEST TRANSACTION
- control field: 20260120112717.0
008 - FIXED-LENGTH DATA ELEMENTS
- fixed length control field: 260120|| aca||aabn | a|a d
040 ## - CATALOGING SOURCE
- Original cataloging agency: OSt
- Transcribing agency: OSt
100 ## - HEADING--PERSONAL NAME
- Personal name: SARASVATI (H Y)
- Dates associated with a name: ಸರಸ್ವತಿ (ಎಚ್ ವೈ)
670 ## - SOURCE DATA FOUND
- Source citation: Work cat.: (OSt)144919: SARASVATI (H Y) ಸರಸ್ವತಿ (ಎಚ್ ವೈ), Parvati bayi atavale, 1947